Catálogo
 En Linea

Aluna : (Registro nro. 14320)

Detalles MARC
000 -CABECERA
campo de control de longitud fija 00873cam a2200229 a 4500
001 - NÚMERO DE CONTROL
campo de control 000014737
005 - FECHA Y HORA DE LA ÚLTIMA TRANSACCIÓN
campo de control 20200929163908.0
008 - DATOS DE LONGITUD FIJA--INFORMACIÓN GENERAL
campo de control de longitud fija 910822s1990 ck a b 100 0 spa
020 ## - NÚMERO INTERNACIONAL ESTÁNDAR DEL LIBRO
Número Internacional Estándar del Libro 9586120570
040 ## - FUENTE DE LA CATALOGACIÓN
Centro catalogador/agencia de origen DO-SdBNP
Lengua de catalogación spa
Centro/agencia transcriptor BNPHU
050 00 - SIGNATURA TOPOGRÁFICA DE LA BIBLIOTECA DEL CONGRESO
Número de clasificación F2260
Número de documento/Ítem A48 1990
082 ## - NÚMERO DE LA CLASIFICACIÓN DECIMAL DEWEY
Número de clasificación nn
Número de documento/Ítem A471i
245 00 - MENCIÓN DE TÍTULO
Título Aluna :
Resto del título imágen y memoria de las Jornadas Regionales de Cultura Popular /
Mención de responsabilidad, etc. compiladora Gloria Triana ; fotografía Viki Ospina,.
260 ## - PUBLICACIÓN, DISTRIBUCIÓN, ETC.
Lugar de publicación, distribución, etc. Bogotá :
Nombre del editor, distribuidor, etc. Presidencia de la República ;
-- Plan Nacional de Rehabilitación ;
-- Colcultura,
Fecha de publicación, distribución, etc. 1990.
300 ## - DESCRIPCIÓN FÍSICA
Extensión 368 p. :
Otras características físicas il. ;
Dimensiones 28 cm.
504 ## - NOTA DE BIBLIOGRAFÍA, ETC.
Nota de bibliografía, etc. Incluye referencias bibliográficas.
590 ## - NOTA LOCAL (RLIN)
Nota local Inventariado, 2019/VM
650 #0 - PUNTO DE ACCESO ADICIONAL DE MATERIA--TÉRMINO DE MATERIA
Término de materia o nombre geográfico como elemento de entrada Popular culture
Subdivisión geográfica Colombia
Subdivisión general Congresses.
9 (RLIN) 33420
700 1# - PUNTO DE ACCESO ADICIONAL--NOMBRE DE PERSONA
Nombre de persona Triana, Gloria,
Término indicativo de función/relación comp.
9 (RLIN) 33421
700 1# - PUNTO DE ACCESO ADICIONAL--NOMBRE DE PERSONA
Nombre de persona Ospina, Viki.
9 (RLIN) 33422
710 1# - PUNTO DE ACCESO ADICIONAL--NOMBRE DE ENTIDAD CORPORATIVA
Nombre de entidad corporativa o nombre de jurisdicción como elemento de entrada Instituto Colombiano de Cultura.
9 (RLIN) 19853
Existencias
Estado de retiro Estado de pérdida Restricciones de uso No para préstamo Código de colección Localización permanente Ubicación/localización actual Ubicación en estantería Fecha de adquisición Número de inventario Total de préstamos Signatura topográfica completa Código de barras Fecha visto por última vez Precio válido a partir de Tipo de ítem Koha
      Excluido de préstamo Monografías: Libros y Folletos General General Depósito 19.01.2010 LF1   nn A471i 14737-10 25.06.2020 25.06.2020 No se presta

Con tecnología Koha